00585nam a2200193Ia 450000500170000000800410001704000190005804100120007708200130008910000180010224500740012026000500019430000120024444000250025650400380028165000180031965100440033785000100038120220713113014.0131103s9999 xx 000 0 und d aLoreto College aEnglish a801bWIN aWinters, Yvor 4aThe function of criticismbProblems and exercises cby Yvor Winters  aLondonbRoutledge & Kegan Paulc1967 printing a200 p.  aRoutledge paperbacks aFirst published in England in1962 aLiterature -  aLiterary Theory - Literary Criticism -  aLCLIB